000 01041nam a22002777a 4500
001 10063
003 FISKH
005 20260402155130.0
008 260402b cb ||||| |||| 00| 0 eng d
020 _a9789810560126
040 _aFISKH
_beng
_cFISKH
_dFISKH
050 _aQA135.6
082 _a372.7
100 _aAnonymous
245 _aK1 kindergarten Maths workbook /
260 _aSingapore :
_bFuture Ace Publishing,
_c[ ]
300 _a96 pages :
_billustrations ;
_c26 cm
490 _aBook two
505 _aaa
520 _aA kindergarten mathematics workbook designed for young learners ages 3–5. It provides simple and engaging practice activities to help children develop early numeracy skills such as counting, number recognition, matching sets to numerals, sequencing numbers, colouring activities, and counting fun.
521 8 _a70
_bLexile estimate
521 8 _aaa
_bRaz-Plus
650 _aWorkbooks
_vActivity books
_xPreschool Educational Materials
942 _2ddc
_cBK
_n0
999 _c10063
_d10063